[Event "Harmonie"]
[Site "Groningen NED"]
[Date "2002.12.21"]
[Round "1"]
[White "Jonkman,H"]
[Black "Li Wenliang"]
[Result "0-1"]
[WhiteElo "2456"]
[BlackElo "2497"]
[EventDate "2002.12.21"]

1. e4 Nf6 2. e5 Nd5 3. d4 d6 4. Nf3 dxe5 5. Nxe5 g6 6. Bc4 c6 7. Nd2 Bg7 8.
Ndf3 O-O 9. O-O Be6 10. Bb3 Nd7 11. Nd3 a5 12. a4 Nc7 13. c3 Bd5 14. Bf4 e6
15. Re1 b5 16. Nd2 h5 17. h3 Qc8 18. Ne4 Bxe4 19. Rxe4 Nd5 20. Bg3 Qb7 21.
Qf3 Rfc8 22. Ree1 b4 23. c4 Ne7 24. Ne5 Nxe5 25. Bxe5 Rd8 26. Rad1 Nf5 27.
Qe4 Bxe5 28. dxe5 Qb6 29. c5 Qxc5 30. g4 hxg4 31. hxg4 Rd4 32. Rxd4 Nxd4
33. Bd1 Rd8 34. Kg2 Qd5 35. Bf3 Qxe4 36. Bxe4 c5 37. Rc1 Nb3 38. Rc2 Rd2
39. Rxd2 Nxd2 40. Bc2 Nc4 41. b3 Nxe5 42. g5 c4 0-1

[Event "Harmonie"]
[Site "Groningen NED"]
[Date "2002.12.21"]
[Round "1"]
[White "Smeets,J"]
[Black "Werle,J"]
[Result "1-0"]
[WhiteElo "2461"]
[BlackElo "2434"]
[EventDate "2002.12.21"]

1. e4 c5 2. Nf3 d6 3. d4 cxd4 4. Nxd4 Nf6 5. Nc3 Nc6 6. f3 e6 7. Be3 Be7 8.
Qd2 a6 9. g4 Qc7 10. O-O-O Nxd4 11. Qxd4 O-O 12. g5 Nd7 13. h4 Ne5 14. f4
Nc6 15. Qd2 b5 16. h5 Rd8 17. g6 Bf6 18. Bd3 Rb8 19. e5 dxe5 20. Ne4 Be7
21. gxf7+ Kh8 22. Qg2 Bb7 23. Qg6 Nb4 24. Rdg1 Bf8 25. Nf6 Nxd3+ 26. Kb1
hxg6 27. hxg6+ Bxh1 28. Rxh1+ 1-0

[Event "Harmonie"]
[Site "Groningen NED"]
[Date "2002.12.21"]
[Round "1"]
[White "Romero Holmes,A"]
[Black "Stellwagen,D"]
[Result "1/2-1/2"]
[WhiteElo "2524"]
[BlackElo "2426"]
[EventDate "2002.12.21"]

1. d4 Nf6 2. c4 g6 3. Nc3 Bg7 4. e4 d6 5. h3 O-O 6. Be3 c6 7. Bd3 e5 8. d5
Na6 9. Nge2 Bd7 10. a3 cxd5 11. cxd5 Nc5 12. Bc2 a5 13. O-O Rc8 14. Qd2 Nh5
15. g4 Nf6 16. Ng3 h5 17. f3 Nh7 18. gxh5 Qh4 19. Nce2 Bf6 20. f4 Bxh3 21.
Rf2 1/2-1/2

[Event "Harmonie"]
[Site "Groningen NED"]
[Date "2002.12.21"]
[Round "1"]
[White "Dgebuadze,A"]
[Black "Baramidze,D"]
[Result "1-0"]
[WhiteElo "2537"]
[BlackElo "2390"]
[EventDate "2002.12.21"]

1. e4 c5 2. Nf3 Nc6 3. d4 cxd4 4. Nxd4 Nf6 5. Nc3 d6 6. Bc4 e6 7. Bb3 Be7
8. Be3 O-O 9. Qe2 a6 10. O-O-O Qc7 11. g4 Nxd4 12. Rxd4 Nd7 13. g5 Nc5 14.
Rg1 f5 15. exf5 Rxf5 16. Rh4 Nxb3+ 17. axb3 g6 18. Rg3 Bd7 19. Rgh3 Rf7 20.
Qd3 Rg7 21. Rxh7 Rxh7 22. Qxg6+ Rg7 23. Qh6 Bxg5 24. Bxg5 Bc6 25. Bf6 Rg1+
26. Kd2 Qd7 27. Qf4 1-0

[Event "Harmonie"]
[Site "Groningen NED"]
[Date "2002.12.22"]
[Round "2"]
[White "Werle,J"]
[Black "Dgebuadze,A"]
[Result "0-1"]
[WhiteElo "2434"]
[BlackElo "2537"]
[EventDate "2002.12.21"]

1. Nf3 e6 2. c4 f5 3. d4 Nf6 4. g3 Be7 5. Bg2 O-O 6. O-O d6 7. Nc3 Qe8 8.
Qc2 Qh5 9. b4 Nc6 10. a3 Nd8 11. Bb2 Nf7 12. e4 e5 13. dxe5 dxe5 14. Nd5
Bd8 15. Nxf6+ Bxf6 16. Rfe1 f4 17. gxf4 Bh3 18. Nxe5 Bxg2 19. Kxg2 Nxe5 20.
Bxe5 Bxe5 21. fxe5 Qf3+ 22. Kg1 Rf4 23. h3 Qxh3 24. Re3 Rg4+ 25. Rg3 Rxg3+
26. fxg3 Qxg3+ 27. Qg2 Qxe5 28. Rd1 Rf8 29. c5 Qe6 30. Rd3 h6 31. Rg3 Qe5
32. Rg6 Kh7 33. Rg4 Rd8 34. Qe2 Qc3 35. Rg2 Qc1+ 36. Kh2 Rd1 37. Rxg7+ Kxg7
38. Qg4+ Kf7 39. Qf5+ Ke7 40. Qe5+ Kd7 41. Qf5+ Ke7 42. Qe5+ Kd7 0-1

[Event "Harmonie"]
[Site "Groningen NED"]
[Date "2002.12.22"]
[Round "2"]
[White "Li Wenliang"]
[Black "Baramidze,D"]
[Result "1-0"]
[WhiteElo "2497"]
[BlackElo "2390"]
[EventDate "2002.12.21"]

1. d4 d5 2. c4 e6 3. Nc3 Be7 4. Nf3 Nf6 5. Bg5 h6 6. Bh4 O-O 7. e3 b6 8.
Be2 Bb7 9. Bxf6 Bxf6 10. cxd5 exd5 11. b4 c6 12. O-O Qd6 13. Qb3 Nd7 14.
Rfe1 a5 15. bxa5 Rxa5 16. a4 Be7 17. Rab1 Rfa8 18. Bd3 Ba6 19. Bf5 b5 20.
Bxd7 Qxd7 21. Ne5 Qd6 22. axb5 Bxb5 23. Qc2 Ba6 24. Rb6 Bf6 25. Rxc6 Qd8
26. Ng4 Be7 27. Rb1 Bd6 28. e4 dxe4 29. Qxe4 Ra7 30. Ne3 Rh5 31. h3 Bf8 32.
Rcb6 Rh4 33. Rb8 Qxd4 34. Rxf8+ 1-0

[Event "Harmonie"]
[Site "Groningen NED"]
[Date "2002.12.22"]
[Round "2"]
[White "Stellwagen,D"]
[Black "Ernst,S"]
[Result "1-0"]
[WhiteElo "2426"]
[BlackElo "2497"]
[EventDate "2002.12.21"]

1. e4 e5 2. Nf3 Nf6 3. Nxe5 d6 4. Nf3 Nxe4 5. d4 d5 6. Bd3 Bd6 7. O-O O-O
8. c4 c6 9. Nc3 Nxc3 10. bxc3 Bg4 11. c5 Bc7 12. Re1 Nd7 13. Bg5 f6 14. Bh4
Rf7 15. Qc2 g5 16. Bg3 Bxg3 17. hxg3 b6 18. Nh2 Bh5 19. g4 Bg6 20. Bxg6
hxg6 21. Qxg6+ Rg7 22. Qf5 Nf8 23. Nf1 bxc5 24. dxc5 Rf7 25. Ng3 Qa5 26. c4
dxc4 27. Ne4 Re8 28. Re3 Kg7 29. Rf1 Re5 30. Qf3 Ng6 31. Nd6 Rxe3 32. Qxe3
Rf8 33. Nf5+ Kf7 34. Nh6+ Kg7 35. Nf5+ Kf7 36. Rd1 Qc7 37. Nd6+ Kg7 38.
Ne8+ Rxe8 39. Qxe8 Qf4 40. Rd7+ Kh6 1-0

[Event "Harmonie"]
[Site "Groningen NED"]
[Date "2002.12.22"]
[Round "2"]
[White "Nijboer,F"]
[Black "Smeets,J"]
[Result "1-0"]
[WhiteElo "2556"]
[BlackElo "2461"]
[EventDate "2002.12.21"]

1. e4 e5 2. Nf3 Nf6 3. Nxe5 d6 4. Nf3 Nxe4 5. d4 d5 6. Bd3 Be7 7. O-O Nc6
8. c4 Nb4 9. Be2 O-O 10. Nc3 Bf5 11. a3 Nxc3 12. bxc3 Nc6 13. Re1 Bf6 14.
Qb3 Na5 15. Qb4 Nxc4 16. Bxc4 dxc4 17. Qxb7 c5 18. Be3 Re8 19. Qb5 Rc8 20.
Rad1 Bd3 21. Rc1 Qb6 22. Qa4 h6 23. dxc5 Qb3 24. Qa5 Kh7 25. h3 Qb7 26. Bd4
Be4 27. Re3 Bxd4 28. cxd4 Bd5 29. Qb4 Qa6 30. Rce1 Red8 31. Ne5 Qf6 32. Qc3
Rb8 33. Nxc4 Bxc4 34. Qxc4 Rxd4 35. Qc2+ g6 36. Rf3 Rf4 37. Rxf4 Qxf4 38.
c6 Rc8 39. Rc1 Rc7 40. Qc4 Qxc4 41. Rxc4 Kg7 42. Kh2 Kf6 43. Kg3 Ke5 44.
Rc1 Kd5 45. Kf4 f6 46. h4 h5 47. g4 hxg4 48. Kxg4 a5 49. f4 Ke4 50. a4 1-0

[Event "Harmonie"]
[Site "Groningen NED"]
[Date "2002.12.22"]
[Round "2"]
[White "Jonkman,H"]
[Black "Romero Holmes,A"]
[Result "1/2-1/2"]
[WhiteElo "2456"]
[BlackElo "2524"]
[EventDate "2002.12.21"]

1. e4 e6 2. d4 d5 3. e5 c5 4. c3 Nc6 5. Nf3 Bd7 6. Be2 Nge7 7. Na3 cxd4 8.
cxd4 Nf5 9. Nc2 Qa5+ 10. Bd2 Qb6 11. Bc3 a5 12. g4 Nfe7 13. Qd2 h5 14. g5
Nf5 15. Bd3 Nb4 16. Bxf5 exf5 17. Bxb4 axb4 18. O-O Be7 19. Ne3 Be6 20. Ng2
g6 21. Nf4 O-O 22. Rfc1 Rfc8 23. Rxc8+ Rxc8 24. Rc1 Rc6 25. b3 Qc7 26. Rxc6
Qxc6 27. h4 Kf8 28. Ne1 Ke8 29. Nc2 Qa6 30. Ne3 Qc6 31. Kg2 Kd7 32. Kg3 Qb5
33. Nd3 Qb6 34. Nc2 Qa6 35. Ncxb4 Bxb4 36. Nxb4 Qf1 37. Kh2 f4 38. Qxf4 Qe2
39. Kg3 Qe1 40. Nd3 Qg1+ 41. Kf3 Qd1+ 42. Ke3 Bf5 43. e6+ fxe6 44. Nc5+ Kc6
45. Qb8 Qe1+ 46. Kf3 Be4+ 47. Nxe4 Qxe4+ 48. Kg3 Qg4+ 49. Kh2 Qxh4+ 50. Kg2
Qxg5+ 51. Kf1 Qe7 52. a4 Kb6 53. Qc8 Ka5 54. Qc3+ Qb4 55. Qe3 g5 56. Kg2 g4
57. Kg3 Qe7 58. Qd2+ Kb6 59. Qe3 Qf6 60. b4 Ka7 61. a5 Qe7 62. Qc3 Qd6+ 63.
Kh4 Qh2+ 64. Kg5 Qxf2 1/2-1/2

[Event "Harmonie"]
[Site "Groningen NED"]
[Date "2002.12.23"]
[Round "3"]
[White "Baramidze,D"]
[Black "Werle,J"]
[Result "0-1"]
[WhiteElo "2390"]
[BlackElo "2434"]
[EventDate "2002.12.21"]

1. e4 c5 2. Nf3 d6 3. d4 cxd4 4. Nxd4 Nf6 5. Nc3 Nc6 6. Bg5 e6 7. Qd2 a6 8.
O-O-O Bd7 9. f3 Rc8 10. Kb1 Be7 11. h4 Na5 12. Be3 h5 13. Nb3 Nxb3 14. axb3
Bc6 15. Qf2 Qc7 16. Qg3 b5 17. Bd3 b4 18. Na2 a5 19. Qxg7 Rg8 20. Qh6 Rg6
21. Qf4 Rxg2 22. Rhg1 Rxg1 23. Rxg1 Qb7 24. Qh6 Bb5 25. Nc1 a4 26. bxa4
Bxd3 27. cxd3 Qc6 28. Rg2 Qxa4 29. Bg5 Nd7 30. Bxe7 Kxe7 31. Qg5+ Nf6 32.
d4 Rg8 33. Qd2 Ra8 34. b3 Qa1+ 35. Kc2 Rc8+ 36. Kd1 Rc3 37. Rf2 Rxb3 38. d5
e5 39. Qa2 Qd4+ 40. Qd2 Qxd2+ 41. Kxd2 Rb2+ 42. Ke3 Rxf2 43. Kxf2 Nd7 44.
Ke3 Nf8 45. Ne2 Ng6 46. Ng3 Nxh4 47. Nxh5 Nxf3 48. Ng3 Nd4 0-1

[Event "Harmonie"]
[Site "Groningen NED"]
[Date "2002.12.23"]
[Round "3"]
[White "Romero Holmes,A"]
[Black "Li Wenliang"]
[Result "1/2-1/2"]
[WhiteElo "2524"]
[BlackElo "2497"]
[EventDate "2002.12.21"]

1. d4 Nf6 2. c4 e6 3. g3 d5 4. Bg2 dxc4 5. Nf3 Nc6 6. O-O Rb8 7. Nc3 Bb4 8.
Qc2 O-O 9. Rd1 Qe7 10. e4 Bxc3 11. bxc3 e5 12. d5 Na5 13. Qa4 b6 14. Ba3
Qe8 15. Qc2 Bg4 16. Bxf8 Bxf3 17. Bxf3 Qxf8 18. Rab1 Ne8 19. Rb4 Nd6 20.
Ra4 Qe8 21. Rb1 a6 22. Be2 h6 23. Rab4 b5 24. Bf1 Nab7 25. Re1 Nc5 26. Rbb1
Ra8 27. f3 Qb8 28. Qf2 Qb6 29. Rbc1 Re8 30. Kg2 Re7 31. Qe3 Re8 32. Rc2
1/2-1/2

[Event "Harmonie"]
[Site "Groningen NED"]
[Date "2002.12.23"]
[Round "3"]
[White "Smeets,J"]
[Black "Stellwagen,D"]
[Result "1/2-1/2"]
[WhiteElo "2461"]
[BlackElo "2426"]
[EventDate "2002.12.21"]

1. e4 e6 2. d4 d5 3. e5 c5 4. c3 Nc6 5. Nf3 Bd7 6. Bd3 cxd4 7. cxd4 Qb6 8.
O-O Nxd4 9. Ng5 Nc6 10. Re1 Nh6 11. Nc3 O-O-O 12. Qf3 Be7 13. Nxh7 d4 14.
Nb1 Nb4 15. Be4 Bc6 16. Bxh6 gxh6 1/2-1/2

[Event "Harmonie"]
[Site "Groningen NED"]
[Date "2002.12.23"]
[Round "3"]
[White "Ernst,S"]
[Black "Jonkman,H"]
[Result "1-0"]
[WhiteElo "2497"]
[BlackElo "2456"]
[EventDate "2002.12.21"]

1. c4 e6 2. d4 Nf6 3. Nc3 d5 4. Nf3 dxc4 5. e4 Bb4 6. Bg5 c5 7. Bxc4 cxd4
8. Nxd4 Qa5 9. Bd2 Qc5 10. Bb5+ Nbd7 11. Nb3 Qb6 12. O-O a6 13. Bxd7+ Nxd7
14. Qg4 Bf8 15. Rfe1 h5 16. Qh3 Bd6 17. Bg5 Ne5 18. Rad1 Ng4 19. Re2 f6 20.
Be3 Qc7 21. Na4 Bxh2+ 22. Kh1 Nxe3 23. Rxe3 Be5 24. Rc1 Qd6 25. Rd3 Qb4 26.
Rxc8+ Ke7 27. Rc1 Qxa4 28. Nc5 Qc6 29. Rd7+ Qxd7 30. Nxd7 Kxd7 31. Rd1+ Ke7
32. Qa3+ Ke8 33. Qb3 Kf7 34. Rd7+ Kg6 35. Qxe6 Rhg8 36. g4 Rac8 37. Qf5+
1-0

[Event "Harmonie"]
[Site "Groningen NED"]
[Date "2002.12.23"]
[Round "3"]
[White "Dgebuadze,A"]
[Black "Nijboer,F"]
[Result "1-0"]
[WhiteElo "2537"]
[BlackElo "2556"]
[EventDate "2002.12.21"]

1. e4 c5 2. Nf3 Nc6 3. d4 cxd4 4. Nxd4 Nf6 5. Nc3 d6 6. Bc4 Qb6 7. Nb3 e6
8. O-O Be7 9. Kh1 Qc7 10. f4 a6 11. Bd3 b5 12. Qf3 Bb7 13. a4 b4 14. Nd1 d5
15. e5 Ne4 16. Nf2 Nc5 17. Nxc5 Bxc5 18. Qg3 O-O-O 19. Be3 Bxe3 20. Qxe3 g5
21. fxg5 Nxe5 22. Rae1 Nc4 23. Bxc4 dxc4 24. Ng4 Rhg8 25. Ne5 f5 26. Rf4
Bd5 27. h4 h6 28. g6 h5 29. b3 Kb8 30. bxc4 Bb7 31. c5 Be4 32. c6 Rd5 33.
Nd7+ Rxd7 34. cxd7 Rxg6 1-0

[Event "Harmonie"]
[Site "Groningen NED"]
[Date "2002.12.24"]
[Round "4"]
[White "Jonkman,H"]
[Black "Smeets,J"]
[Result "0-1"]
[WhiteElo "2456"]
[BlackElo "2461"]
[EventDate "2002.12.21"]

1. e4 e6 2. d4 d5 3. e5 c5 4. c3 Nc6 5. Nf3 Bd7 6. Be2 f6 7. O-O fxe5 8.
Nxe5 Nxe5 9. dxe5 Qc7 10. c4 d4 11. Bf4 O-O-O 12. Nd2 Bc6 13. Bd3 g5 14.
Bg3 h5 15. h3 g4 16. hxg4 h4 17. Bh2 h3 18. f4 hxg2 19. Rf2 Qg7 20. Rxg2
Bxg2 21. Kxg2 Qh6 22. Bg3 Qh3+ 23. Kf2 Nh6 24. Be2 Be7 25. Ne4 Bh4 26. g5
Bxg3+ 27. Nxg3 Qh2+ 28. Kf3 Nf5 29. Nf1 Rh3+ 30. Ke4 d3 0-1

[Event "Harmonie"]
[Site "Groningen NED"]
[Date "2002.12.24"]
[Round "4"]
[White "Romero Holmes,A"]
[Black "Ernst,S"]
[Result "1-0"]
[WhiteElo "2524"]
[BlackElo "2497"]
[EventDate "2002.12.21"]

1. c4 Nf6 2. Nc3 g6 3. e4 d6 4. g3 Bg7 5. Bg2 c5 6. Nge2 Nc6 7. d3 O-O 8.
O-O Ne8 9. Be3 Nd4 10. Qd2 Rb8 11. Bxd4 cxd4 12. Nb5 Qb6 13. a4 e5 14. a5
Qa6 15. Nc1 Ra8 16. Na2 Qc6 17. Nb4 Qd7 18. a6 b6 19. f4 Bh6 20. Nd5 f6 21.
Qe2 Rf7 22. f5 g5 23. Bf3 Ng7 24. Bh5 Rf8 25. Ndc7 Rb8 26. Ne6 Nxe6 27.
fxe6 Qe7 28. Bg4 Ra8 29. b4 Bg7 30. Bf5 Bxe6 31. Bxe6+ Qxe6 32. Nc7 Qd7 33.
Nxa8 Rxa8 34. Qa2 Kh8 35. c5 dxc5 36. bxc5 bxc5 37. Rab1 Qc6 38. Rb7 g4 39.
Qf7 Rg8 40. Rfb1 Qxa6 41. Rb8 Rc8 42. R1b7 1-0

[Event "Harmonie"]
[Site "Groningen NED"]
[Date "2002.12.24"]
[Round "4"]
[White "Li Wenliang"]
[Black "Werle,J"]
[Result "1/2-1/2"]
[WhiteElo "2497"]
[BlackElo "2434"]
[EventDate "2002.12.21"]

1. d4 d5 2. c4 dxc4 3. e3 Nf6 4. Bxc4 e6 5. Nf3 c5 6. O-O a6 7. Bd3 Nc6 8.
Nc3 cxd4 9. exd4 Nb4 10. Bb1 Be7 11. Bg5 O-O 12. a3 Nbd5 13. Qd3 g6 14. Ba2
Bd7 15. Ne5 Bc6 16. Rfe1 Qd6 17. Qh3 Rad8 18. Rad1 Bd7 19. Bxd5 exd5 20.
Nxd7 Rxd7 21. Rxe7 Rxe7 22. Bxf6 Qxf6 23. Nxd5 Qd6 24. Nxe7+ Qxe7 25. Qd3
Re8 26. d5 Qe2 27. Qb1 Rc8 28. Rc1 Rxc1+ 29. Qxc1 Qd3 30. h3 Qxd5 1/2-1/2

[Event "Harmonie"]
[Site "Groningen NED"]
[Date "2002.12.24"]
[Round "4"]
[White "Stellwagen,D"]
[Black "Dgebuadze,A"]
[Result "1/2-1/2"]
[WhiteElo "2426"]
[BlackElo "2537"]
[EventDate "2002.12.21"]

1. e4 e6 2. d4 d5 3. Nc3 Bb4 4. e5 Ne7 5. a3 Bxc3+ 6. bxc3 c5 7. Qg4 O-O 8.
Bd3 Nbc6 9. Qh5 Ng6 10. Nf3 Qc7 11. Be3 c4 12. Bxg6 fxg6 13. Qg4 Qf7 14.
Ng5 Qe8 15. h4 h6 16. Nh3 Ne7 17. Qe2 a5 18. g4 b5 19. h5 gxh5 20. g5 hxg5
21. Nxg5 g6 22. Kd2 Rf5 23. Rag1 b4 24. Rxh5 bxc3+ 25. Kd1 gxh5 26. Ne4+
Kh7 27. Nd6 Qf8 28. Nxf5 Qxf5 29. Rg5 Qf7 30. Rxh5+ Kg8 31. Qg4+ Ng6 32.
Rh6 Kg7 33. Qh5 Nf8 34. Qg4+ Ng6 35. Qh5 Nf8 36. Qg4+ 1/2-1/2

[Event "Harmonie"]
[Site "Groningen NED"]
[Date "2002.12.26"]
[Round "5"]
[White "Baramidze,D"]
[Black "Stellwagen,D"]
[Result "1-0"]
[WhiteElo "2390"]
[BlackElo "2426"]
[EventDate "2002.12.21"]

1. e4 e6 2. d4 d5 3. Nc3 Nf6 4. e5 Nfd7 5. f4 c5 6. Nce2 Nc6 7. c3 Be7 8.
Be3 O-O 9. Nf3 f6 10. Qc1 a5 11. g3 a4 12. Bh3 f5 13. O-O cxd4 14. Nfxd4
Nc5 15. c4 dxc4 16. Qxc4 Na5 17. Qc2 b6 18. Rfd1 Qe8 19. Bg2 Bb7 20. Bxb7
Naxb7 21. b4 axb3 22. axb3 Rxa1 23. Rxa1 Nd8 24. b4 Ne4 25. Qb3 Qd7 26. Ra6
Kh8 27. Rxb6 Qa7 28. Nxe6 Nxe6 29. Rxe6 Qa1+ 30. Nc1 Bd8 31. Rc6 Be7 32.
Rc7 Bd8 33. Ra7 1-0

[Event "Harmonie"]
[Site "Groningen NED"]
[Date "2002.12.26"]
[Round "5"]
[White "Smeets,J"]
[Black "Romero Holmes,A"]
[Result "1/2-1/2"]
[WhiteElo "2461"]
[BlackElo "2524"]
[EventDate "2002.12.21"]

1. e4 e6 2. d4 d5 3. e5 c5 4. c3 Nc6 5. Nf3 Nge7 6. Bd3 cxd4 7. cxd4 Nf5 8.
Bxf5 exf5 9. Nc3 Be6 10. Ne2 h6 11. h4 Be7 12. Nf4 g6 13. Rh3 Kd7 14. Qb3
Qb6 15. Qxb6 axb6 16. Ke2 g5 17. Nxe6 fxe6 18. hxg5 hxg5 19. Bxg5 Bxg5 20.
Nxg5 Nxd4+ 21. Kd3 Rxh3+ 22. gxh3 Nc6 23. Nf3 Ra4 24. h4 Rf4 25. Ke3 Re4+
26. Kd3 Rf4 27. Ke3 Re4+ 28. Kd3 Rf4 1/2-1/2

[Event "Harmonie"]
[Site "Groningen NED"]
[Date "2002.12.26"]
[Round "5"]
[White "Werle,J"]
[Black "Nijboer,F"]
[Result "1-0"]
[WhiteElo "2434"]
[BlackElo "2556"]
[EventDate "2002.12.21"]

1. e4 d6 2. d4 Nf6 3. Nc3 g6 4. Bg5 c6 5. Qd2 b5 6. Bd3 Bg7 7. f4 O-O 8.
Nf3 Bg4 9. O-O Qb6 10. Ne2 Nbd7 11. Kh1 e6 12. h3 Bxf3 13. Rxf3 c5 14. c3
Rab8 15. Raf1 b4 16. e5 bxc3 17. bxc3 Nd5 18. c4 Nb4 19. Be7 cxd4 20. Bxd6
Nc5 21. Rb1 Qa5 22. a3 Nbxd3 23. Qxa5 Rxb1+ 24. Kh2 Rc8 25. Nxd4 Bf8 26.
Qc3 Bh6 27. Rxd3 Ne4 28. Qc2 Bxf4+ 29. g3 Rc1 30. Qg2 Nxg3 31. Rxg3 R1xc4
32. Ne2 Bxg3+ 33. Qxg3 h5 34. Qe3 a5 35. Kg2 Rc2 36. Be7 Rb2 37. Bf6 Rcc2
38. Qh6 Rxe2+ 39. Kf1 Rf2+ 40. Ke1 Rfe2+ 41. Kd1 1-0

[Event "Harmonie"]
[Site "Groningen NED"]
[Date "2002.12.26"]
[Round "5"]
[White "Ernst,S"]
[Black "Li Wenliang"]
[Result "1/2-1/2"]
[WhiteElo "2497"]
[BlackElo "2497"]
[EventDate "2002.12.21"]

1. d4 Nf6 2. c4 e6 3. g3 d5 4. Nf3 dxc4 5. Bg2 Nc6 6. Qa4 Bb4+ 7. Bd2 Bd6
8. Ne5 Bxe5 9. dxe5 Nd5 10. Qxc4 Nxe5 11. Qc2 O-O 12. O-O Qe7 13. Nc3 Rd8
14. Rfd1 c6 15. Na4 Bd7 16. e4 Nb6 17. Nc5 Be8 18. b3 Nec4 19. bxc4 Qxc5
20. Bf1 Qh5 21. c5 Nd7 22. Be3 b6 23. cxb6 Nxb6 24. Rxd8 Rxd8 25. a4 c5 26.
a5 Nd7 27. Be2 Qe5 28. Rd1 Qc7 29. Qc3 Rc8 30. Rc1 Qb7 31. f3 h6 32. Kf2 f6
33. Qc4 Bf7 34. Qa6 Qc7 35. Rb1 Rb8 36. Rd1 Ne5 37. Qd6 Qxd6 38. Rxd6 Rc8
39. Ba6 Rc7 40. Bb5 c4 41. Rd8+ Kh7 42. a6 c3 43. Rb8 c2 44. Bc1 Rc3 45.
Be2 Nd3+ 46. Bxd3 Rxd3 47. Rc8 Rd6 48. Rxc2 Rxa6 49. Be3 Be8 50. Rc7 Ra2+
51. Kg1 a5 52. Bc5 Rc2 53. Bd6 Rxc7 54. Bxc7 a4 55. Bd6 e5 56. Kf2 Kg8 57.
Ke3 Kf7 58. h4 h5 59. f4 Ke6 60. Ba3 Bc6 61. fxe5 Kxe5 62. Bb2+ Ke6 63. Kd4
Bb5 64. Ba3 Bc6 65. Bb2 g5 66. Bc1 gxh4 67. gxh4 1/2-1/2

[Event "Harmonie"]
[Site "Groningen NED"]
[Date "2002.12.27"]
[Round "6"]
[White "Ernst,S"]
[Black "Smeets,J"]
[Result "0-1"]
[WhiteElo "2497"]
[BlackElo "2461"]
[EventDate "2002.12.21"]

1. d4 d5 2. c4 c6 3. Nf3 e6 4. Nc3 dxc4 5. e3 b5 6. a4 Bb4 7. Bd2 a5 8.
axb5 Bxc3 9. Bxc3 cxb5 10. b3 Bb7 11. bxc4 b4 12. Bb2 Nf6 13. Bd3 Nbd7 14.
O-O O-O 15. Re1 Ne4 16. c5 Bc6 17. Nd2 Ndxc5 18. Nxe4 Bxe4 19. Bb5 Nb7 20.
f3 Nd6 21. fxe4 Nxb5 22. d5 Qb6 23. Qh5 Nc3 24. Bxc3 bxc3 25. dxe6 fxe6 26.
Rab1 Qc6 27. Qe5 c2 28. Rbc1 Qc4 29. Qb2 Rfc8 30. Qb7 Qb4 31. Qd7 Qxe4 32.
Re2 Rd8 0-1

[Event "Harmonie"]
[Site "Groningen NED"]
[Date "2002.12.27"]
[Round "6"]
[White "Li Wenliang"]
[Black "Nijboer,F"]
[Result "0-1"]
[WhiteElo "2497"]
[BlackElo "2556"]
[EventDate "2002.12.21"]

1. d4 Nf6 2. c4 g6 3. Nc3 Bg7 4. e4 d6 5. Nf3 O-O 6. Be2 e5 7. Be3 Ng4 8.
Bg5 f6 9. Bh4 g5 10. Bg3 Nh6 11. dxe5 dxe5 12. h4 g4 13. Nh2 Nc6 14. Qxd8
Rxd8 15. Nd5 Nd4 16. Bd1 f5 17. f4 fxe4 18. fxe5 Nhf5 19. Bf4 Ne6 20. O-O
h5 21. Bb3 g3 22. c5 Kh8 23. Rae1 c6 24. Nf6 Nxc5 25. Bf7 Be6 26. Bxh5
gxh2+ 27. Bxh2 Rd4 28. Bg4 Ne7 29. Bxe6 Nxe6 30. Nxe4 Rf8 31. Rxf8+ Bxf8
32. h5 Nd5 33. g4 Bb4 34. Re2 Rd1+ 0-1

[Event "Harmonie"]
[Site "Groningen NED"]
[Date "2002.12.27"]
[Round "6"]
[White "Stellwagen,D"]
[Black "Werle,J"]
[Result "1/2-1/2"]
[WhiteElo "2426"]
[BlackElo "2434"]
[EventDate "2002.12.21"]

1. e4 e6 2. d4 d5 3. Nd2 c5 4. exd5 Qxd5 5. Ngf3 cxd4 6. Bc4 Qd6 7. O-O Nf6
8. Nb3 Nc6 9. Nbxd4 Nxd4 10. Nxd4 a6 11. Bb3 Qc7 12. Qf3 Bd6 13. h3 Bd7 14.
Be3 O-O 15. Bg5 Be5 16. Rad1 h6 17. Bh4 Rad8 18. c3 Bc6 19. Nxc6 bxc6 20.
Bc2 Rd5 21. Qe3 Bf4 22. Qe2 g5 23. Bg3 Rxd1 24. Qxd1 Rd8 25. Qe2 a5 26.
Bxf4 1/2-1/2

[Event "Harmonie"]
[Site "Groningen NED"]
[Date "2002.12.27"]
[Round "6"]
[White "Jonkman,H"]
[Black "Baramidze,D"]
[Result "0-1"]
[WhiteElo "2456"]
[BlackElo "2390"]
[EventDate "2002.12.21"]

1. e4 c5 2. c3 d5 3. exd5 Qxd5 4. d4 Nf6 5. Nf3 Bg4 6. dxc5 Qxc5 7. Be3 Qc7
8. h3 Bxf3 9. Qxf3 e6 10. Nd2 Nbd7 11. Be2 Be7 12. O-O O-O 13. Bf4 Bd6 14.
Bxd6 Qxd6 15. Rfd1 Qc7 16. Nc4 Rad8 17. Rd4 Nb6 18. Rad1 Rxd4 19. Rxd4 e5
20. Qg3 Nxc4 21. Rxc4 Qe7 22. Qe3 b6 23. Bf3 Re8 24. g4 Qe6 25. b3 h6 26.
Be4 Rd8 27. Kh2 h5 28. Rc6 Qd7 29. g5 Nxe4 30. Qxe4 Qd2 31. Qf5 e4 32. Rc8
e3 33. Rxd8+ Qxd8 34. fxe3 Qd2+ 35. Kh1 Qxc3 36. Qe4 Qa1+ 37. Kg2 Qxa2+ 38.
Kf3 Qxb3 39. Qa8+ Kh7 40. Qxa7 Qe6 41. Kg2 Kg6 42. Qc7 Qxe3 43. Kh2 Kxg5
44. Qd8+ Kg6 45. Qd6+ f6 46. Qc6 b5 47. Qc2+ Kh6 48. Qb1 Qf4+ 49. Kh1 b4
50. Qb3 Qc1+ 51. Kh2 Qd2+ 52. Kg1 Qc3 53. Qg8 Qe3+ 54. Kg2 b3 55. Qb8 h4
56. Qh8+ Kg6 57. Qc8 Qe4+ 58. Kh2 b2 0-1

[Event "Harmonie"]
[Site "Groningen NED"]
[Date "2002.12.28"]
[Round "7"]
[White "Smeets,J"]
[Black "Li Wenliang"]
[Result "1/2-1/2"]
[WhiteElo "2461"]
[BlackElo "2497"]
[EventDate "2002.12.21"]

1. e4 c6 2. d4 d5 3. e5 Bf5 4. Nf3 e6 5. Be2 c5 6. Be3 cxd4 7. Nxd4 Ne7 8.
c4 Nbc6 9. Nc3 Nxd4 10. Bxd4 dxc4 11. Bxc4 Nc6 12. Bb5 Be7 13. O-O O-O 14.
Bxc6 bxc6 15. Ne2 Qd5 16. Ng3 Bg6 17. Bc3 Qc4 18. Qd4 Qxd4 19. Bxd4 Rfd8
20. Bc3 Bd3 21. Rfe1 Rd5 22. Ne2 Bc4 23. Nd4 Rc8 24. Nc2 Rb5 25. Ne3 Bd5
26. Re2 h5 27. f3 Ra8 28. Kf2 a5 29. Bd4 Rb4 30. Bc3 Rb5 31. Bd4 Rb4 32.
Nc2 Rb7 33. Ne3 Rb4 1/2-1/2

[Event "Harmonie"]
[Site "Groningen NED"]
[Date "2002.12.28"]
[Round "7"]
[White "Nijboer,F"]
[Black "Stellwagen,D"]
[Result "1-0"]
[WhiteElo "2556"]
[BlackElo "2426"]
[EventDate "2002.12.21"]

1. e4 e6 2. d4 d5 3. Nc3 Nf6 4. e5 Nfd7 5. f4 c5 6. Nf3 Nc6 7. Be3 cxd4 8.
Nxd4 Bc5 9. Qd2 O-O 10. O-O-O a6 11. Nb3 Be7 12. Bd3 b5 13. Qe2 Nb4 14. Bd4
Nxd3+ 15. Rxd3 a5 16. Rg3 a4 17. Nd2 b4 18. Qh5 Kh8 19. f5 exf5 20. Nxd5 f6
21. Nf3 Nxe5 22. Nxe5 fxe5 23. Bxe5 Bf6 24. Rh3 h6 25. Nxf6 Rxf6 26. Rd1
Qf8 27. Bxf6 Qxf6 28. Qe8+ Kh7 29. Rd8 b3 30. Qg8+ Kg6 31. Rg3+ Kh5 32.
Qe8+ 1-0

[Event "Harmonie"]
[Site "Groningen NED"]
[Date "2002.12.28"]
[Round "7"]
[White "Baramidze,D"]
[Black "Romero Holmes,A"]
[Result "1/2-1/2"]
[WhiteElo "2390"]
[BlackElo "2524"]
[EventDate "2002.12.21"]

1. e4 c5 2. Nf3 a6 3. Nc3 b5 4. d4 cxd4 5. Nxd4 Bb7 6. Bd3 g6 7. a4 Bg7 8.
Be3 b4 9. Nd5 Nf6 10. Nxf6+ Bxf6 11. Qd2 Nc6 12. Nxc6 Bxc6 13. Qxb4 Rb8 14.
Qc4 a5 15. O-O O-O 16. c3 Rxb2 17. f4 Qa8 18. Bc1 Rbb8 19. e5 Bg7 20. Rf2
d6 21. Ba3 dxe5 22. Bxe7 e4 23. Bxf8 Bxf8 24. Bf1 Bd5 25. Qd4 Rc8 26. Rd1
Bb3 27. Rb1 Bc5 28. Qe5 Bxa4 29. Bb5 Bxf2+ 30. Kxf2 Qa7+ 31. Ke2 Bc2 32.
Rb2 Bd3+ 33. Bxd3 exd3+ 34. Kxd3 Qd7+ 35. Kc2 Qa4+ 36. Kb1 Qd1+ 37. Ka2
Qa4+ 38. Kb1 Qd1+ 39. Ka2 h5 40. f5 Qa4+ 41. Kb1 Qd1+ 42. Ka2 Qa4+ 43. Kb1
Qc4 44. fxg6 fxg6 45. Rb8 Qf1+ 46. Kb2 Qxg2+ 47. Ka3 Rxb8 48. Qxb8+ Kf7 49.
Qc7+ Kf6 50. Qd8+ Kf5 51. Qxa5+ Kg4 52. Qe5 Kh3 53. c4 h4 54. c5 g5 55.
Qc3+ Kxh2 56. c6 Qg3 57. Kb4 Qb8+ 1/2-1/2